000 00658cab a2200217 4500
001 WB2847-55
008 090401t1992 xxu||||| |||| 00| 0 eng d
035 _a(Sirsi) u73018
041 _aeng
245 _aArable aid scheme - guidance
260 _c1992
350 _a0
490 _aMAFF News Release
_v(380/92) 27 November 1992 (5)
520 _aGuidance has been issued by MAFF on the new Arable Area Payments Scheme for set-aside where it affects seed growers.
650 _aARABLE AREA PAYMENTS SCHEME
650 _aFARMING AND FARM DIVERSIFICATION
650 _aSET-ASIDE
690 _aRURAL PRACTICE
942 _n0
948 _c04/03/1997
999 _c46168
_d46168